00783nam a2200253Ia 4500003000900000008004100009040001300050040001300063041000800076100002200084245003000106250001300136260001600149260000900165300001100174300001000185490002300195490000600218600008000224700002000304942000700324999001700331952018100348IT-RoPAU120407s9999 xx 000 0 und d aIT-RoPAU cIT-RoPAU aita aGiovanni Schulte  aLa cura pastorale. 2a ed. aBrescia  aMorcelliana c1939 a163 p. c19 cm aCollez. pastorale  v4 a"Il pastore d’anime. 2a ed 165 p. 19 cm. (collez. pastorale, 5) " aL. Andrianopoli cBK c26674d26674 00102ddc406253_44000000000000071aPAULUSbPAULUSd2012-04-11l0o253.44r2012-04-11 00:00:00w2012-04-11yBKzInserito da: In data: n.d. fondo: Via A.Severo 56 Progr:19066